Analýza rizika iniciácie usadenej vrstvy prachu smreka vybranými iniciačnými zdrojmi
Hodnotenie minimálnej iniciačnej teploty a teploty horúceho povrchu vrstvy smrekového prachu; vybraných zdrojov vznietenia. Opis správania sa 15 mm vrstvy bukového prachu (Beech Fagus silvatica L.) pri pôsobení troch potenciálnych iniciačných zdrojov: horúci povrch, elektrická špirála a tlejúca ciga...
Enregistré dans:
| Auteur principal: | |
|---|---|
| Autres auteurs: | |
| Format: | Chapitre de livre |
| Langue: | slovaque |
| Sujets: | |
| Tags: |
Pas de tags, Soyez le premier à ajouter un tag!
|
MARC
| LEADER | 00000naa a2200000 4500 | ||
|---|---|---|---|
| 001 | 0306919 | ||
| 005 | 20250210150824.8 | ||
| 041 | 0 | |a slo | |
| 044 | |a SK | ||
| 245 | 1 | 0 | |a Analýza rizika iniciácie usadenej vrstvy prachu smreka vybranými iniciačnými zdrojmi |c Ivana Tureková, Iveta Marková |
| 520 | |a Hodnotenie minimálnej iniciačnej teploty a teploty horúceho povrchu vrstvy smrekového prachu; vybraných zdrojov vznietenia. Opis správania sa 15 mm vrstvy bukového prachu (Beech Fagus silvatica L.) pri pôsobení troch potenciálnych iniciačných zdrojov: horúci povrch, elektrická špirála a tlejúca cigareta. Mechanizmus vznietenia drevného prachu bol porovnateľný pre všetky skúmané iniciátory, líšiace sa časom vznietenia a plochou tepelne degradovanej vrstvy. | ||
| 610 | 2 | 0 | |a lesy |
| 610 | 2 | 0 | |a požiare |
| 610 | 2 | 0 | |a požiarovosť |
| 610 | 2 | 0 | |a riziko |
| 610 | 2 | 0 | |a analýzy |
| 100 | 1 | |a Tureková, Ivana | |
| 700 | 1 | |a Marková, Iveta | |